Modern guerrilla warfare : (Record no. 7317)
[ view plain ]
| 000 -LEADER | |
|---|---|
| fixed length control field | 00972nam a2200265 a 4500 |
| 001 - CONTROL NUMBER | |
| control field | 7317 |
| 003 - CONTROL NUMBER IDENTIFIER | |
| rucl marc code | BD-RjUL |
| 005 - DATE AND TIME OF LATEST TRANSACTION | |
| control field | 20211208234410.0 |
| 008 - FIXED-LENGTH DATA ELEMENTS--GENERAL INFORMATION | |
| fixed length control field | 140113s1962 nyu b 001 0 eng d |
| 035 ## - SYSTEM CONTROL NUMBER | |
| System control number | OCLC ocm00567790 from D960412M |
| -- | (BD-RjUL)7360 |
| 040 ## - CATALOGING SOURCE | |
| Original cataloging agency | DLC |
| Transcribing agency | DLC |
| Modifying agency | EQO |
| -- | BD-RjUL |
| Language of cataloging | eng |
| 041 ## - LANGUAGE CODE | |
| Language code of text/sound track or separate title | eng |
| 082 0# - DEWEY DECIMAL CLASSIFICATION NUMBER | |
| Edition number | 23 |
| Classification number | 355.425 |
| Author mark and year | MOD 1962 |
| 245 00 - TITLE STATEMENT | |
| Title | Modern guerrilla warfare : |
| Remainder of title | fighting communist guerrilla movements, 1941-1961 / |
| Statement of responsibility, etc. | edited by Franklin Mark Osanka ; introduction by Samuel P. Huntington. |
| 260 ## - PUBLICATION, DISTRIBUTION, ETC. (IMPRINT) | |
| Place of publication, distribution, etc. | New York : |
| Name of publisher, distributor, etc. | Free Press of Glencoe ; |
| Place of publication, distribution, etc. | London : |
| Name of publisher, distributor, etc. | Collier-Macmillan, |
| Date of publication, distribution, etc. | c1962. |
| 300 ## - PHYSICAL DESCRIPTION | |
| Pagination | xxii, 519 p. ; |
| Size | 24 cm. |
| 504 ## - BIBLIOGRAPHY, ETC. NOTE | |
| Bibliography, etc | Include bibliography and index. |
| 650 #0 - SUBJECT ADDED ENTRY--TOPICAL TERM | |
| Topical term or geographic name as entry element | Guerrilla warfare. |
| 9 (RLIN) | 18228 |
| Topical term or geographic name as entry element | Military history, Modern |
| Chronological subdivision | 20th century. |
| 9 (RLIN) | 22857 |
| Topical term or geographic name as entry element | Communist strategy. |
| 9 (RLIN) | 16179 |
| 700 1# - ADDED ENTRY--PERSONAL NAME | |
| Personal name | Osanka, Franklin Mark. |
| Personal name | Huntington, Samuel P. |
| 942 ## - ADDED ENTRY ELEMENTS (KOHA) | |
| Source of classification or shelving scheme | Dewey Decimal Classification |
| Koha item type | Books |
| Lost status | Source of classification or shelving scheme | Damaged status | Not for loan | Collection code | Permanent Location | Current Location | Date acquired | Source of acquisition | Cost, normal purchase price | Total Checkouts | Full call number | Date last seen | Copy number | Koha item type | Shelving location |
|---|---|---|---|---|---|---|---|---|---|---|---|---|---|---|---|
| Dewey Decimal Classification | Non-fiction | Central Library, University of Rajshahi | Central Library, University of Rajshahi | 06/11/1973 | U.S govt gift | 0.00 | 355.425 MOD 1962 | 13/01/2014 | C-3 | Books | |||||
| Dewey Decimal Classification | Non-fiction | Central Library, University of Rajshahi | Central Library, University of Rajshahi | 08/04/1967 | Mirza Book Afency, Lahore | 44.75 | 355.425 MOD 1966 | 26/11/2016 | C-2 | Books | |||||
| Dewey Decimal Classification | Not For Loan | Non-fiction | Central Library, University of Rajshahi | Central Library, University of Rajshahi | 02/03/1964 | Zeitlinger | 60.00 | 355.425 MOD 1962 | 26/12/2016 | C-1 | Books | Reading Room |